000 00857nmm a2200253 a 4500
001 ocm000703630
003 TR-IsHL
005 20201028140203.0
008 131212s2004 tu eng
007 cr cn
035 _a703630
_b(N$T)
050 0 4 _aHC492
_b.T87 2004
090 0 4 _aHC492
_b.T87 2004
245 1 0 _aTurkey 90 economic and social indicators
_h[electronic resource] /
_chaz. Mustafa Sönmez
260 _aİstanbul :
_bİstanbul Ticaret Odası,
_c2004
300 _a66 p.
650 4 _aEkonomi ve Finans
650 4 _aEconomics and Finance
650 0 _aTürkiye
_x Ekonomik gelişim
650 0 _aTurkey
_x Ekonomic conditions
650 7 _aBUSINESS & ECONOMICS / Economic Conditions
_2bisacsh
700 1 _aSönmez, Mustafa
856 4 0 _uhttp://search.ebscohost.com/login.aspx?direct=true&scope=site&db=e011xww&AN=703630
999 _c7152
_d7152